000 00495cam a2200205ua 4500
001 8326
008 150128n ii |||gr||||Z||||||asm
020 _a9789381485392
040 _cMAIN
041 _aasm
082 _a891.4513N
100 _aChoudhury, R.,
_eAuthor.
245 _aMayabritta
_cBy Rita Choudhury
250 _a3rd.
260 _aGuwahati:
_bJyoti,
_c2013.
300 _a506p.
653 _aEast Indo-European & Celtic literatures
653 _aAssamese novels
942 _cBK
999 _c7437
_d7437